Регионална библиотека "Любен Каравелов" - Русе

Как да наторим и опазим селскостопанските култури в личното си стопанство (Запис номер 48397)

MARC детайли
000 -Лидер
Контролно поле с фиксирана дължина 01321nam a2200325 c 4500
003 - Код на организацията, давaща контролен номер
Контролно поле BLK
005 - Дата и час на последна редакция
Контролно поле 20180420221912.0
008 - Елементи от данни с фиксирана дължина
fixed length control field 180408b bul|||||r ||||||| ||bul||
010 ## - Наследен системен номер
LC control number KNG00052215000
040 ## - Източник на каталожния запис
Идентификатор на билиотеката - собственик на записа BLK
041 ## - Код за език
Код за езика на текст/звукозапис или на отделно заглавие Български
Код за езика КДБФ Български
080 ## - УДК
Текстов определител УДК Торове. Торене. Стимулиране растежа на растенията. Растителни стимулатори
УДК код - определител по УДК 631.8
УДК определител (035)
УДК - код + определител 631.8(035)
080 ## - УДК
Текстов определител УДК Вредители на растенията. Болести. Защита
УДК код - определител по УДК 632
УДК определител (035)
УДК - код + определител 632(035)
100 1# - Редна дума - Автор
Автор Цачев, Серафим
Авторска отговорност първи автор
R(LIN) 282060
139 ## - Редно поле
Редна дума Цачев, Серафим
Авторски знак Цач - Ц 28
245 10 - Сведения за заглавието
Заглавие Как да наторим и опазим селскостопанските култури в личното си стопанство
Подзаглавни данни Справ.
Редно поле (дума) Серафим Цачев.
257 ## - Страна на издаване
Страна на създаване/издаване България
260 ## - Област на издателските данни
-- София
Име на издателя, разпространителя и проч. Интелпринт сървис
Година на издаване 1991
300 ## - Физическа характеристика
Страници 37 с.
Размери/Мащаб 20 см
380 ## - Жанр
Жанр Селско стопанство
650 #4 - Допълнително описание по предмет – тема
Основно описание – тема или топоним Торене
9 (RLIN) 173808
650 #4 - Допълнително описание по предмет – тема
Основно описание – тема или топоним Растителна защита
9 (RLIN) 258069
653 ## - Ключова дума – ненормативна
Ключова дума торене
653 ## - Ключова дума – ненормативна
Ключова дума растителна защита
852 ## - Местоположение
Форматна сигнатура Цб 167172
856 4# - Електронен адрес и достъп
Електронен формат pdf - файл
Път до файла /url/
856 4# - Електронен адрес и достъп
Електронен формат pdf - файл
Път до файла /url/
942 ## - АРТИКУЛИ
Вид на библиотечния материал Книги
Скрит в OPAC Не
944 ## - СЪЗДАВАНЕ И РЕДАКЦИЯ на ЗАПИСА
Създаване/Редакция Създаване
Дата на регистрацията/редакция 21.03.2017
Служител, извършил регистрацията/редакцията Камелия_Данева
944 ## - СЪЗДАВАНЕ И РЕДАКЦИЯ на ЗАПИСА
Създаване/Редакция Редакция
Дата на регистрацията/редакция 21.03.2017
Служител, извършил регистрацията/редакцията Камелия_Данева
999 ## - СИСТЕМНИ КОНТРОЛНИ НОМЕРА
Koha biblionumber 48397
Koha biblioitemnumber 48397
Наличности
Код за отписване Код за изгубен артикул Източник на класификационната схема Код за повреда Коз за рестрикции Код за отдаване Артикулен № Име на библиотеката - собственик Име на библиотеката, в която се намира в момента Статус (Текущо местоположение) Дата на вписване в системата Местоположение - отдел Цена в лева Инвентарен номер Систематично азбучна сигнатура Баркод Номер на екземпляра Цена в евро Служебна бележка Служебен тип на артикула
  Не е изгубен Universal Decimal Classification Не е повреден без рестрикции ползва се в читалня 75947 Регионална библиотека "Любен Каравелов" Русе Регионална библиотека "Любен Каравелов" Русе Хранилище 1991-01-01 Хранилище 0.00 561929 Цб 167172 120000561929 1 0.00 Дост: Dp Вид: Д N: стар фонд Дата: 01.01.1991 Книги
Изтеглен Не е изгубен Universal Decimal Classification Не е повреден без рестрикции заемане за дома 75948 Регионална библиотека "Любен Каравелов" Русе Регионална библиотека "Любен Каравелов" Русе Заемна - подръчен фонд 1991-01-01 Заемна - подръчен фонд 9.80 560275 П 631.8/Ц 28 560275 2 5.01 N: стар фонд Дата: 01.01.1991 Книги
Изтеглен Не е изгубен Universal Decimal Classification Не е повреден без рестрикции заемане за дома 75949 Регионална библиотека "Любен Каравелов" Русе Регионална библиотека "Любен Каравелов" Русе Заемна - подръчен фонд 1991-01-01 Заемна - подръчен фонд 9.80 560274 П 631.8/Ц 28 560274 3 5.01 N: стар фонд Дата: 01.01.1991 Книги
Изтеглен Не е изгубен Universal Decimal Classification Не е повреден без рестрикции заемане за дома 75950 Регионална библиотека "Любен Каравелов" Русе Регионална библиотека "Любен Каравелов" Русе Заемна - подръчен фонд 1991-01-01 Заемна - подръчен фонд 9.80 560273 П 631.8/Ц 28 560273 4 5.01 N: стар фонд Дата: 01.01.1991 Книги
Vip Innovations Ltd, Rousse, Bulgaria 2025